Quizzes
Events
Quiz Creation
Community
Videos
Private Events
Remove Ads
Sign In
Join for FREE
Feedback
Dark Mode
Quiz Categories
Sports
Geography
Music
Movies
Television
Just For Fun
Miscellaneous
History
Literature
Language
Science
Gaming
Entertainment
Religion
Holiday
For Kids
Quiz Lab
Recent
Popular Today
Quiz Kudos Today
Editor Picks
Curator Picks
Quizzes by...
Day
Popularity
Type
Ratings
Length
Year
Community
Subscriptions
Recent Discussions
Orange Saloon
Badges
Playlists
Quests
Create
Leaderboards
Showdown
Live 5
Trivia Bingo
Activity
Puzzle Library
Sporcle Events
Private Events
Virtual Trivia
Globe League
Become a Host
Pub Owners
SporcleCon
Opinionation
Our Games
Videos
Blog
Mobile Apps
Partnerships
Remove Ads and Go Orange
Feedback
Sports
Athletes
MLB
NBA
NHL
NFL
Soccer
Sports Teams
WWE
NCAA
Football
Premier League
Basketball
Baseball
Hockey
Golf
Tennis
Cricket
Rugby
Auto Racing
Olympics
World Cup
Sports
Athletes
MLB
NBA
NHL
NFL
Soccer
Sports Teams
WWE
NCAA
Football
Premier League
Basketball
Baseball
Hockey
Golf
Tennis
Cricket
Rugby
Auto Racing
Olympics
World Cup
Random Quiz
Search Sporcle
×
Quiz Lab
Quiz Lab
Sports
NCAA
Type in answers that appear in a list
Type in answers that appear in a list
Classic
Best Score? Go Orange.
SEC Football Champions 1980 to 2010 Stats
Can you name the SEC Football Champions from 1980 to 2010?
By
onesocktorulethe
6m
31 Questions
128 Plays
128 Plays
128 Plays
Comments
Comments
Give Quiz Kudos
Give Quiz Kudos
-
- Ratings
hide this ad
Forced Order
Answers have to be entered in order
Answers have to be entered in order
Replay
Link that replays current quiz
Next Quiz
Link to next quiz in quiz playlist
You Got
0%
They Got
Avg Score
82%
Avg Friend Score
Upgrade to see
Score Distribution
Jump to the score distribution portion of the page
Score
0/31
Timer
06:00
0
Plays Today
Year
Team
% Correct
1981
Georgia and Alabama
95.3%
1980
Georgia
93.8%
1982
Georgia
90.6%
1983
Auburn
87.5%
2009
Alabama
86.7%
2006
Florida
83.6%
2008
Florida
83.6%
2010
Auburn
82.8%
1984
Florida
82%
1997
Tennessee
82%
1998
Tennessee
82%
2007
LSU
82%
1985
Tennessee
81.3%
1996
Florida
81.3%
1999
Alabama
81.3%
1989
Alabama, Auburn, Tennessee
80.5%
Year
Team
% Correct
1992
Alabama
80.5%
2000
Florida
80.5%
2005
Georgia
80.5%
1993
Florida
79.7%
2001
LSU
79.7%
2003
LSU
79.7%
2004
Auburn
79.7%
1987
Auburn
78.9%
1988
Auburn and LSU
78.9%
1994
Florida
78.9%
1995
Florida
78.9%
2002
Georgia
78.9%
1986
LSU
78.1%
1990
Tennessee
78.1%
1991
Florida
76.6%
Quiz Playlist
Details
Report
Send in Message
Add To Playlist
Classic:
Type in answers that appear in a list
Forced Order:
Answers have to be entered in order
Last Updated: Feb 21, 2023
Quiz Scoreboard
CHALLENGE
Sign Up to Join the Scoreboard
Show All
Scores
Hide
Comments
May contain spoilers
Recently Published
Presidents Visiting Landmarks
by Hejman
History
7m
An Introduction to Baseball
by treessimontrees
Sports
5m
Movies - When Are They Set?
by FPL_Elf
Movies
5m
More to Explore
Quiz From the Vault
Featured Blog Post
Where Did the Easter Bunny Come From?
hide this ad
You Might Also Like...
Tags
Football Quiz
NCAA Quiz
1980
champion
SEC
SEC Football
SEC NCAA
team
Today's Top Quizzes in Sports
Browse Sports
hide this ad
Today's Top Quizzes in NCAA
Browse NCAA
Top Contributed Quizzes in Sports
1
Les meilleurs buteurs des matchs entre le PSG et l’OM
2
2022 World Cup Stars
3
FIFA Club World Cup Champions
4
Les entraîneurs de l'OM et du PSG au 21e siècle
5
Name the Premier League winners with different clubs
6
La finale Lions - Afrique du Sud 2021
7
England Test cricketers to play under Nasser Hussain
8
5-to-1: UK Sports Teams
9
Les joueurs passés par le LOSC et le RC Lens
10
Criteria MLB: Left Handed Sluggers
Explore More
Trending Topics
Kpop
Crossword
Anime
Disney
NBA
Marvel
Harry Potter
Song
Soccer
Puzzle
Country
The Office
NFL
WWE
Pokémon
hide this ad
More By:
onesocktorulethe
Quiz
Plays
Rating
Category
Featured
Created
Top 3 NFL Sack Leaders 2000's
4,086
4.08
Sports
Oct 27, 2010
University of Tennessee Quarterbacks
634
4.33
Sports
Mar 1, 2010
Generals killed or mortally wounded at Gettysburg
437
5.00
History
Jun 21, 2015
Cleveland Indians/Guardians 30+ HR's since 1948
351
4.00
Sports
Apr 9, 2011
SEC Football Champions 1980 to 2010
128
4.00
Sports
Feb 27, 2011
Go to Creator's Profile
Score Distribution
Quiz Creator Spotlight
onesocktorulethe
Follow
Send a Message
Quizzes Created
-
Created Quiz Play Count
-
More By This Creator
Popular Quizzes Today
1
Find the US States - No Outlines Minefield
2
Find the Countries of Europe - No Outlines Minefield
3
The Countries of the World
4
Popular People in 1961
5
Find the US States
6
US States
7
Risky Map Clicking: Biggest States A-Z
8
1-10 Letter E Words III
More Sports Quizzes
Flamengo Players at Libertadores 2019
Quiz Lab
Trending Quizzes
Risky Map Clicking: Least Populous States A-Z
1-10 Letter G Words
1-10 Letter F Words
One Thing in Common: United Kingdom
Risky Map Clicking: Next State Alphabetically
Recently Updated
Leaping Animals
pecheneg
Reality TV Shows (A-Z)
bhenderson79
Rickey Henderson's Hall of Fame Teammates
pecheneg
Champions League XIs: Arsenal
pecheneg
Quick Pick: Celebrities in WWE's Hall of Fame
aduchscher
A-Z Keypad Blitz II
pecheneg
Multiple Oscar Actors
pecheneg
Mystery Phrase Blitz: Oscar 'Best Actors'
pecheneg
F. Scott Fitzgerald Novels
LTH
Pick 3 Villains
ddd62291
Trending Topics
Kpop
NBA
Disney
Anime
Crossword
Harry Potter
Marvel
Pokémon
NFL
Country
Soccer
Song
WWE
Puzzle
The Office
Your Account Isn't Verified!
In order to create a playlist on Sporcle, you need to verify the email address you used during registration. Go to your
Sporcle Settings
to finish the process.
Report this User
Report this user for behavior that violates our
Community Guidelines
.
Details:
Send Report
Go to the Sporcle.com Mobile Site →
Comments